Responses for Show #3865 - Friday, May 25, 2001

Contestants

[<< previous game]

Steve Engel, a psychology professor from Los Angeles, California

Liz Bakulski, an investment advisor originally from Andover, Massachusetts

Carl Brownell, a high school teacher from Evanston, Illinois (whose 1-day cash winnings total $3,000)

[next game >>]

Jeopardy! Round responses

SCIENCE & NATURE
HARD ROCK CAFE
A NOVEL CATEGORY
REMEMBER 1989?
RHYMES WITH RHYME
GAMING
    $100 22
dwarfs

Steve
    $100 1
AC/DC

Carl
    $100 16
Babel

Carl
    $100 6
Batman

Carl
    $100 21
crime

Steve
    $100 11
roulette

Steve
    $200 23
a salamander

Carl
    $200 2
Led Zeppelin

Carl
    $200 17
Cervantes

Carl
    $200 7
Zsa Zsa Gabor

Carl
    $200 24
chime

Carl
    $200 12
dice

Steve
    $300 27
a screw

Steve
    $300 3
Eddie Van Halen

Carl
    $300 18
the Ming Dynasty

Triple Stumper
    $300 8
Nolan Ryan

Steve
    $300 25
slime

Carl
    $300 13
slot machines

Steve
    $2,700 28
Edelweiss

Steve
    $400 4
(Liz: Who is Ozzy Osbourne?)
...
(Alex: We were going for the name of the band.)

Black Sabbath

CarlLiz
    $400 19
Warsaw

Carl
    $400 9
Miata

Steve
    $400 26
(Alex: Same as ours.)

dime

Steve
    $400 14
(Liz: What is blackjack?)

baccarat

CarlLiz
    $500 29
radon

Steve
    $500 5
The Scorpions

Liz
    $500 20
Isabel Allende

Carl
    $500 10
(Alex: Our parent company.)

Sony

Carl
    $500 30
prime

Steve
    $500 15
(Liz: What is mah jongg?)
(Steve: What is the [**]?)
[Originally ruled incorrect; reversed before Daily Double at clue 28]
...
(Alex: [Before clue 28] Steve, our judges have accepted your response of [**] as also correct.)

keno (lottery accepted)

CarlLizSteve

Scores at the first commercial break (after clue 15):

Carl Liz Steve
$2,700 -$800 $1,800

Scores at the end of the Jeopardy! Round:

Carl Liz Steve
$4,600 -$800 $6,400

Double Jeopardy! Round responses

DRAMA & DRAMATISTS
CAPITAL PUNISHMENT
THE RUSSIANS ARE COMING!
NESTLE'S
COUNTRY MUSIC
WORDS FROM CHINESE
    $200 8
George Bernard Shaw

Triple Stumper
    $200 1
Liberia

Carl
    $200 13
V.I. Lenin

Steve
    $200 6
(Liz: What is cocoa?)

chocolate

CarlLiz
    $200 26
Buck Owens

Carl
    $200 21
(Carl: What is a monsoon?)

typhoon

Carl
Triple Stumper
    $400 9
(Carl: Who was Voltaire?)

Molière

CarlSteve
    $400 2
Congo (formerly Zaire)

Steve
    $400 14
Anna Kournikova

Carl
    $400 7
Perrier (or Poland Spring)

Steve
    $400 27
The Nashville Network

Carl
    $400 22
Mah jongg

Steve
    $600 10
Night of the Iguana

Carl
    $600 3
Oman

Triple Stumper
    $600 15
Carl Faberge

Steve
    $600 18
coffee (Nescafé)

Triple Stumper
    $600 28
(Carl: Who is Dolly Parton?)

Loretta Lynn

Carl
Triple Stumper
    $600 23
(Alex: ...a minute to go....)

a Shar Pei

Liz
    $1,500 11
Henrik Ibsen

Carl
    $800 4
Senegal

Carl
    $800 16
Pyotr Tchaikovsky

Carl
    $800 19
(Steve: What is Borden?)

Carnation

LizSteve
    $800 29
[The end-of-round signal sounds]

WSM ("World's Sweetest Music")

Triple Stumper
    $400 24
(Liz: What is ginger?)

ginseng

Liz
    $1000 12
The Cherry Orchard

Steve
    $1000 5
Belize

Triple Stumper
    $1000 17
(Carl: Who was Pasternak?)

Alexander Pushkin

Carl
Triple Stumper
    $1000 20
Switzerland

Liz
    $1000 25
a kumquat

Steve

Scores at the end of the Double Jeopardy! Round:

Carl Liz Steve
$7,500 $1,000 $10,000

[wagering suggestions for these scores]

Final Jeopardy! Round responses

INTERNATIONAL STARS
LizWho is Marcel Marceau
$0
CarlWho is Marcel Marceau?
$7,500
SteveWho is Marcel Marceau
$5,001
Marcel Marceau

Final scores:

Carl Liz Steve
$15,000 $1,000 $15,001
2nd place: Trip to Singapore courtesy of Priceline.com 3rd place: Sony Card $1,000 Shopping Spree New champion: $15,001

Game dynamics:

Coryat scores:

Carl Liz Steve
$6,800 $1,400 $7,700
25 R
(including 1 DD),
4 W
4 R,
5 W
(including 1 DD)
21 R
(including 1 DD),
1 W

Combined Coryat: $15,900

[game clues] [game scores] [suggest correction]

Game tape date: 2001-02-14
The J! Archive is created by fans, for fans. Scraping, republication, monetization, and malicious use prohibited; this site may use cookies and collect identifying information. See terms. The Jeopardy! game show and all elements thereof, including but not limited to copyright and trademark thereto, are the property of Jeopardy Productions, Inc. and are protected under law. This website is not affiliated with, sponsored by, or operated by Jeopardy Productions, Inc. Join the discussion at JBoard.tv.